Lamborghini Cars by Picture - Statistics

General Stats
  • This quiz has been taken 921 times
  • The average score is 11 of 22
Answer Stats
Picture Answer % Correct
Urus
99%
Aventador
94%
Huracan
90%
Gallardo
78%
Countach
77%
Diablo
74%
Veneno
73%
Murcielago
67%
Miura
63%
Sian
63%
Sesto Elemento
61%
Centenario
56%
Reventon
48%
LM002
37%
Egoista
36%
Aventador J
30%
Espada
27%
Terzo Millennio
22%
Asterion
15%
Essenza SCV12
14%
Estoque
12%
SC18
9%
No matching quizzes found
Score Distribution
Percent of People with Each Score
Percentile by Number Answered
Your Score History
You have not taken this quiz